| 000 | 00638nam a2200157 4500 | ||
|---|---|---|---|
| 001 | a6803 | ||
| 003 | SIRSI | ||
| 008 | 130702n1978 000 0 ara u | ||
| 035 | _a(Sirsi) a7653 | ||
| 050 | 1 | 4 |
_aKMV2970.A42 _bI273 1978 |
| 100 | 1 | _aابراهيم ,السيد محمد | |
| 245 | 1 | 0 |
_aشرح نظام الخدمة المدنية في دولة الإمارات العربية المتحدة : _b السيد محمد ابراهيم . |
| 260 |
_aابوظبي : _b وزارة الاعلام والثقافة : _c 1978 |
||
| 300 |
_aص :481 : _cسم |
||
| 650 | 4 |
_aالخدمة المدنية _zالإمارات العربية المتحدة |
|
| 999 |
_c22410 _d22410 |
||